[Event "Olympiad-34"]
[Site "Istanbul"]
[Date "2000.11.09"]
[Round "12.1"]
[White "Topalov, Veselin"]
[Black "Leko, Peter"]
[Result "1/2-1/2"]
[WhiteElo "2707"]
[BlackElo "2743"]
[Annotator "Rogozenco,D"]
[PlyCount "174"]
[EventDate "2000.10.28"]
[EventType "team-swiss"]
[EventRounds "14"]
[EventCountry "TUR"]
[SourceTitle "EXT 2001"]
[Source "ChessBase"]
[SourceDate "2000.11.22"]
[SourceVersion "1"]
[SourceVersionDate "2000.11.22"]
[SourceQuality "1"]
[WhiteTeam "Bulgaria"]
[BlackTeam "Hungary"]
[WhiteTeamCountry "BUL"]
[BlackTeamCountry "HUN"]

1. e4 c5 2. Nf3 Nc6 3. d4 cxd4 4. Nxd4 Nf6 5. Nc3 e5 6. Ndb5 d6 7. Bg5 a6 8.
Na3 b5 9. Bxf6 gxf6 10. Nd5 f5 11. c3 Bg7 12. exf5 Bxf5 13. Nc2 O-O 14. Nce3
Be6 (14... Bg6 {is another option which Leko played before.}) 15. Bd3 f5 16.
O-O Ra7 17. a4 {This pawn advance played first in 1998 by GM Mikhail Golubev
became the most serious attempt to play for advantage.} (17. Qh5 Raf7 18. g4 e4
19. Bc2 Ne5 (19... fxg4 {0,5 Svidler-Kramnik/Linares 1998 (30)}) 20. Nf4 Bd7
21. Bb3 fxg4 22. Ne6 Bxe6 23. Bxe6 Qf6 24. Bxf7+ Rxf7 25. h3 Qe6 26. hxg4 Rf6
27. Kg2 Nd3 28. Qh4 Nf4+ 29. Kg1 h5 30. g5 Nh3+ 31. Kh1 Rf3 32. Qxh5 Nxf2+ 33.
Kg2 Rh3 34. Qe2 Qe5 35. Rg1 Rh2+ 36. Kf1 Nh3 37. Qg4 Nxg1 38. Kxg1 Rxb2 $19 {
0-1 Svidler,P-Kasparov,G/ICC m1 1998}) 17... Ne7 (17... bxa4 18. Rxa4 a5 $14) (
17... b4 18. Qh5 (18. cxb4 $5) 18... e4 19. Nf4 Bf7 20. Bc4 $14 {Golubev -
Nechaev, Donetzk (zt.) 98}) 18. Nxe7+ Rxe7 (18... Qxe7 $2 19. axb5 axb5 20.
Rxa7 Qxa7 21. Bxb5 Qc5 22. Ba4 d5 (22... f4 23. Bb3 $1 $16) 23. b4 Qd6 24. Bb3
$16) 19. axb5 axb5 {This is one of the main positions in Sveshnikov Sicilian
these days. White tried different ways here, but it is rather unclear which
one is the best, because altogether the practical results for Black were good.
Topalov tries a new plan and gets a slight edge, but I wouldn't say that Leko
had real problems in holding the position.} 20. Bc2 (20. Bxb5 d5 $44 21. Ra6 $5
) (20. Bxf5 $5) (20. Ra6 $5) 20... d5 21. Bb3 $146 {[%mdl 8] This is the new
move. Probably Topalov analyzed the Queen sacrifice and came to the conclusion
that White has no risks at all. The question remains how big the winning
chances are?} (21. Qh5 Qe8 22. Qxe8 Rexe8 23. Rfd1 d4 {1/2-1/2 Golubev,
M-Wiersma,E/Dieren 1999}) 21... f4 (21... d4 22. Bxe6+ Rxe6 23. Qb3 $14) 22.
Nxd5 Rd7 23. Nb4 Rxd1 24. Bxe6+ Kh8 25. Raxd1 $14 {White has enough material
compensation for the Queen. Also he has a better control over the white
squares and the pawn b5 is a potential target. He would be much better if the
Bishop would stay on e4, blockading black center. But Black has time to
advance his pawn to e3 and open the position, which is very important for the
side having the Queen.} Qe7 26. Bd5 e4 $1 27. Rfe1 e3 {Even if Black is going
to lose that pawn, more important is to activate the pieces and get
counterplay.} 28. Bf3 Be5 29. Nc6 Qf6 30. Nxe5 Qxe5 {In the next part White
tries to convert his slight material advantage, but black Queen is strong
enough to keep the balance. Maybe White's play can be improved a bit, but I
think Black is out of real danger anyway.} 31. fxe3 fxe3 32. Rd4 Re8 33. Re4
Qb8 34. R1xe3 Rxe4 35. Bxe4 Qf4 36. Re2 Qc1+ 37. Kf2 b4 38. cxb4 Qf4+ 39. Bf3
Qxh2 40. Re4 Qc7 41. Ke3 Qc1+ 42. Kd4 Qxb2+ 43. Kc4 Qa2+ 44. Kb5 Qd5+ 45. Kb6
Qd8+ 46. Kc6 Qa8+ 47. Kc5 Qa7+ 48. Kb5 Qb7+ 49. Kc4 Qc6+ 50. Kb3 Qb5 51. Rd4
Kg7 52. Rd5 Qb6 53. b5 Kf6 54. Kc4 Ke7 55. Rd3 Qa7 56. Kb4 Qf2 57. Rd1 h5 58.
Bc6 Qb6 59. Rd7+ Ke6 60. Rh7 Kd6 61. Bf3 Qd4+ 62. Ka5 h4 63. Bc6 Qf2 64. Ka6
Kc5 65. Kb7 Qf6 66. Rd7 Qh6 67. Rd5+ Kb4 68. b6 h3 69. gxh3 Qxh3 70. Ka7 Qa3+
71. Kb7 Qh3 72. Rb5+ Kc4 73. Ka6 Qa3+ 74. Ra5 Qd6 75. Bd5+ Kb4 76. Rb5+ Kc3 77.
Ba2 Qc6 78. Bd5 Qd6 79. Bf3 Qf6 80. Ka5 Qf8 81. b7 Qa3+ 82. Kb6 Qd6+ 83. Bc6
Qd4+ 84. Kc7 (84. Rc5+ Kb4 85. b8=Q Qxc5+ 86. Kc7+ Kc3) 84... Qf4+ 85. Kd7 Qf7+
86. Kd6 Qf6+ 87. Kc7 Qf4+ 1/2-1/2

[Event "Bundesliga 0203"]
[Site "Germany"]
[Date "2002.12.13"]
[Round "7.6"]
[White "Holzke, Frank"]
[Black "Chandler, Murray G"]
[Result "1/2-1/2"]
[WhiteElo "2479"]
[BlackElo "2517"]
[Annotator "Rogozenco,D"]
[PlyCount "92"]
[EventDate "2002.10.19"]
[EventType "team-tourn"]
[EventRounds "15"]
[EventCountry "GER"]
[SourceTitle "CBM 093"]
[Source "ChessBase"]
[SourceDate "2003.04.01"]
[SourceVersion "1"]
[SourceVersionDate "2003.04.01"]
[SourceQuality "1"]
[WhiteTeam "Wattenscheid"]
[BlackTeam "Solingen"]
[WhiteTeamCountry "GER"]
[BlackTeamCountry "GER"]

1. e4 c5 2. Nf3 Nc6 3. d4 cxd4 4. Nxd4 Nf6 5. Nc3 e5 6. Ndb5 d6 7. Bg5 a6 8.
Na3 b5 9. Bxf6 gxf6 10. Nd5 Bg7 11. c4 O-O (11... f5 12. cxb5 Nd4 13. Bd3 Be6
$1 {is somewhat more precise, as in Anand-Lautier, Belgrade, 1997.}) 12. cxb5
Nd4 13. Bd3 f5 14. Nc2 fxe4 (14... Nxc2+ 15. Qxc2 Bb7 16. O-O Bxd5 17. exd5 e4
18. Bc4 Qb6 {Black has some compensation, which, however, in not sufficient,
Beliavsky-Dolmatov, Cetinje, 1992.}) 15. Bxe4 Rb8 {In this strange-looking
position Black's chances shouldn't be underestimated.} 16. O-O (16. b6 Qh4 $1
$36) (16. Nxd4 exd4 17. O-O Rxb5 18. b4 (18. Rc1 $5 $13) 18... Bb7 19. Qb3 Re8
20. Bf3 Qg5 21. h4 (21. Nc7 Rxb4 $1 22. Qxb4 Bxf3 23. g3 Qf5 $40) 21... Qxh4
22. Rae1 Re5 $1 $40 {0-1 Dekic,J-Agamaliev,D/Szekszard 1994 (47)}) 16... Rxb5
17. b3 Nxc2 {Not bad, but connected with the wrong idea.} (17... Bb7 $142) 18.
Qxc2 f5 $2 (18... Rc5 19. Bxh7+ $140 Kh8 20. Qd3 Rxd5 (20... Qh4 {is also good}
) 21. Qxd5 Kxh7) 19. Qxc8 $1 {Black must have missed this. Now he will be
forced to fight for a draw with a pawn down and no chances to win at all.} Qxc8
20. Ne7+ Kh8 21. Nxc8 Rxc8 22. Bxf5 Rf8 23. Bd3 (23. Be6 d5 24. a4 (24. Rfd1 e4
25. Rac1 d4) 24... Rxb3 25. Bxd5 {is quite similar to the game}) (23. g4 $5 d5
24. Rac1) 23... Ra5 24. Bc4 d5 25. b4 Ra4 26. Bxd5 Rxb4 27. Rac1 Rd8 28. Rc5 (
28. Bb3 $142 $16) 28... Bf8 29. Ra5 Rb5 30. Rxb5 axb5 31. Bb3 Ba3 $1 {
Preventing Rc1. Black's pieces will soon be too active and White cannot avoid
draw.} (31... Rd2 32. Rc1) 32. g3 Rd2 (32... Rc8 33. Kg2 Rc1 {was obviously
draw as well.}) 33. Re1 Bb2 34. Re3 Bd4 35. Rf3 Kg7 36. Kf1 e4 37. Rf5 (37. Rf4
e3 $11) 37... b4 38. Rf4 e3 39. fxe3 Bxe3 40. Rxb4 Rf2+ 41. Ke1 Rxh2 42. Re4
Bf2+ 43. Kf1 h5 44. Re7+ Kh6 45. Re6+ Kg5 46. Re5+ Kf6 1/2-1/2

[Event "Sufe Cup"]
[Site "Shanghai"]
[Date "2000.03.11"]
[Round "9"]
[White "Xie, Jun"]
[Black "Filippov, Valerij"]
[Result "0-1"]
[WhiteElo "2542"]
[BlackElo "2584"]
[Annotator "Rogozenco,D"]
[PlyCount "94"]
[EventDate "2000.03.03"]
[EventType "tourn"]
[EventRounds "13"]
[EventCountry "CHN"]
[EventCategory "13"]
[SourceTitle "CBM 076"]
[Source "ChessBase"]
[SourceDate "2000.05.31"]
[SourceVersion "1"]
[SourceVersionDate "2000.05.31"]
[SourceQuality "1"]

1. e4 c5 2. Nf3 e6 3. d4 cxd4 4. Nxd4 Nf6 5. Nc3 Nc6 6. Ndb5 d6 7. Bf4 e5 8.
Bg5 a6 9. Na3 b5 10. Nd5 Be7 11. Bxf6 Bxf6 12. c3 O-O 13. Nc2 Bg5 14. a4 bxa4
15. Rxa4 a5 16. Bb5 {V.Smyslov's idea which became very popular lately.} (16.
Bc4) 16... Bb7 {In my opinion the best answer.} (16... Ne7 17. Ncb4 $1 Be6 18.
Nxe7+ Qxe7 19. Bc6 Ra7 (19... Rab8 20. Rxa5 Qc7 21. Qa4 $1 $16 {
Perunovic-Zakic/Serbia-ch/2000}) 20. Nd5 Bxd5 21. Bxd5 Rb8 22. Qa1 $1 $16 {
/\ b2-b4. Calzetta-Holmsten/Linares open/2000}) 17. O-O Ne7 18. Nce3 (18. Bc4
$5) 18... Bxe3 19. Nxe3 Qb6 {This is the most precise move order.} (19... Rb8
20. Qd3 Qb6 21. Bc4 {and White mentained a slight edge in Kasparov-Van Wely/
Wijk aan Zee/1999}) 20. Qd3 Rfd8 21. Bc4 Bc6 22. Ra2 Qb7 $1 $11 23. Nd5 (23. f3
d5 $11) 23... Bxd5 24. Bxd5 Nxd5 25. exd5 (25. Qxd5 Qxd5 26. exd5 Kf8 27. f4
Ke7 28. fxe5 dxe5 29. c4 Rdb8 30. Rfa1 Rb4 31. b3 Rxb3 32. Rxa5 Rxa5 33. Rxa5
e4 34. Kf2 Kd6 35. Ra7 f5 36. Rxg7 f4 37. Rf7 Ke5 38. d6 Rb2+ 39. Ke1 Kxd6 40.
Rxf4 Ke5 41. Rh4 Kd4 42. Rh3 Rxg2 43. Rxh7 Kd3 44. Re7 Rxh2 45. c5 Rc2 46. Re8
Rxc5 47. Re7 Rc2 48. Re8 Ke3 {1/2-1/2 Li Qun-Filippov,V/Shenyang 1999}) 25...
g6 26. Rfa1 Rdc8 $11 {/=/+.} 27. h3 (27. g3 $142) (27. h4 $142) 27... Rab8 (
27... Rc5 28. b4 Rxd5 (28... Qxd5 $2 29. Qxd5 Rxd5 30. Rxa5 Rdxa5 31. bxa5 Ra6
32. c4 $16) 29. Qe3 $13) 28. Qd2 (28. Rxa5 Qxb2 $15) 28... Kg7 (28... Rc5 29.
Rxa5 Rxa5 30. Rxa5 Qxb2 31. Qxb2 Rxb2 32. Ra6 Rc2 33. Rc6 Kf8 34. Rc7 h5 $11)
29. f4 $6 (29. Rxa5 $142 Qxb2 30. Qxb2 Rxb2 31. R1a3 (31. Ra6 Rxc3 32. Rxd6
Rcc2 33. Rf1 Rd2 $17) 31... Rd2 32. Rb5 Rc7 $1 $15) (29. g3 a4 $140 {/\Rc5} (
29... Rc5 30. Rxa5) 30. Rxa4 Qxb2 31. Qxb2 Rxb2 32. Rb4 Rc2 33. c4 R8xc4 34.
Rxc4 Rxc4 35. Ra6 Rd4 36. Rxd6 Kf8 37. h4 Ke7 38. Ra6 Rxd5 39. Kg2) 29... Rc5
30. fxe5 (30. Rxa5 $4 Rxa5 31. Rxa5 Qb6+ $19 {[%csl Ra5,Rg1]}) 30... Rxd5 31.
Qf2 Rxe5 32. Qd4 Qb6 33. Rxa5 Qxd4+ 34. cxd4 Re2 35. R5a2 (35. R1a2 Kf6 $17 (
35... Rc8 36. b4)) (35. Rb1 Rc8 $17) 35... Rb3 36. Kh2 f5 37. Ra7+ Kh6 38. R7a6
Rbxb2 39. Rg1 Re6 40. d5 Rf6 41. Re1 f4 $19 42. Re6 Rf5 43. Kh1 (43. Raxd6 Rg5
$19) 43... Rg5 44. Rf6 Rbxg2 45. h4 Rg1+ 46. Kh2 R5g2+ 47. Kh3 Rf2 0-1

[Event "Julian Borowski-A 4th"]
[Site "Essen"]
[Date "2002.05.22"]
[Round "6"]
[White "Leko, Peter"]
[Black "Krasenkow, Michal"]
[Result "1-0"]
[WhiteElo "2707"]
[BlackElo "2641"]
[Annotator "Rogozenco,D"]
[PlyCount "81"]
[EventDate "2002.05.16"]
[EventType "tourn"]
[EventRounds "9"]
[EventCountry "GER"]
[EventCategory "16"]
[SourceTitle "CBM 090"]
[Source "ChessBase"]
[SourceDate "2002.09.20"]
[SourceVersion "1"]
[SourceVersionDate "2002.09.20"]
[SourceQuality "1"]

{The battle of two best specialists of Sveshnikov Variation was expected with
great interest.} 1. e4 {Cifuentes. Ftacnik} c5 2. Nf3 Nc6 3. d4 cxd4 4. Nxd4
Nf6 5. Nc3 e5 6. Ndb5 d6 7. Nd5 {Leko chooses a continuation, which apparently
he never played before.} ({In the previous encounter between same players,
Leko went for the main line:} 7. Bg5 a6 8. Na3 b5 9. Bxf6 gxf6 10. Nd5 f5 11.
Bd3 Be6 12. O-O Bxd5 13. exd5 Ne7 14. c3 Bg7 15. Qh5 e4 16. Bc2 O-O 17. Rae1
Qc8 18. Kh1 Ng6 (18... Rb8 $1 {Leko's novelty, which brought him two extremely
important wins in Dortmund Candidates tournament, July 2002 (in less than two
months after the present game).}) 19. Bb1 b4 20. cxb4 Bxb2 21. Nc2 Bc3 22. Re2
Bg7 23. f4 exf3 24. Qxf3 f4 $14 {/= 0,5 Leko,P-Krasenkow,M/Batumi 1999 (74).
Maybe Peter just didn't want to check Krasenkow's analysis. What if Michal
prepared the same 18...Rb8? I guess we'll never find out. However, Leko takes
no risk whatsoever. It would have been a real disaster to "spoil" such a
novelty before Dortmund, even if the probability was very small that Krasenkow
found exactly same idea as Leko did. And why not showing his concurents from
Dortmund that he is not interested anymore in the main line? All these
thoughts are of course speculations. But pshychologically Leko's decision
proved to be perfect. He won this game after employing a novelty and won in
Dortmund too, also using a brand new idea. It gets no better than that.}) 7...
Nxd5 8. exd5 Nb8 {This retreat is the best move. The knight comes to d7, where
he can choose later which direction to go: c5, e5, or f6.} 9. c4 Be7 10. Bd3 (
10. Be2 {is more popular} a6 11. Nc3 O-O 12. O-O Nd7 13. Be3 (13. Kh1 {
Cifuentes} f5 14. f4 Bf6 15. Qc2 exf4 $1 16. Bxf4 Be5 17. Rad1 Bxf4 18. Rxf4
Ne5 19. b4 a5 20. a3 axb4 21. axb4 Bd7 22. Qd2 (22. c5 {Cifuentes} dxc5 23.
bxc5 Qa5) 22... Qb6 23. Rb1 Rfe8 24. h3 Kh8 25. Bf1 Ra3 $36 {Spraggett,
K-Yakovich,Y/San Antonio 2001}) 13... f5 14. f3 Bg5 15. Bf2 (15. Qc1 $6 {
Cifuentes} Bxe3+ 16. Qxe3 a5 $15 {Ermenkov-Popchev, Bulgaria 1992}) 15... Rf6
16. b4 Rh6 17. c5 Bf4 18. g3 Qg5 19. Kg2 (19. cxd6 {Cifuentes} Qh5 20. h4 Rg6
21. Kg2 Bxg3 $1 (21... Qxh4 {Cifuentes} 22. Qe1 Bxg3 23. Bxg3 f4 24. Ne4 fxg3
25. Rh1 Qf4 26. Bd3 Nf8 27. Rc1 $13) 22. Bxg3 f4 23. Ne4 Nf6 $1 24. Ng5 Rxg5
$19) 19... Nf6 20. Rh1 e4 21. Kf1 (21. fxe4 {Cifuentes} Be5 22. Rc1 f4 $40)
21... exf3 22. Bxf3 Be5) 10... a6 (10... O-O {Cifuentes} 11. O-O Nd7 $6 (11...
f5 $6 {Cifuentes} 12. c5 $1) (11... a6 $1 {Cifuentes}) 12. Qc2 g6 13. Bh6 Re8
14. f4 $1 a6 $2 15. f5 $1 axb5 16. fxg6 f6 17. g7 $18 {Chandler-Cramling D,
Innsbruck 1977}) 11. Nc3 O-O 12. O-O f5 13. f3 (13. f4 {Cifuentes} Nd7 14. Kh1
g6 15. Be3 Bf6 16. Rc1 exf4 17. Bxf4 Be5 $13) 13... Bg5 (13... Nd7 14. Kh1 (14.
Be3 Bg5) 14... g5 $5 15. Be3 $140 (15. b4 a5) 15... e4 16. fxe4 f4 {with
typical compensation.}) 14. Kh1 Nd7 15. b4 {Both sides make "their" moves.
White traditionally seizes space on the queenside, while Black is trying to
create something in center and on the kingside.} a5 16. a3 (16. Nb5 $5) 16...
axb4 17. Bxg5 Qxg5 18. axb4 Rxa1 19. Qxa1 Qe3 (19... e4 $5 {Cifuentes} 20. fxe4
Ne5 21. Be2 f4 22. Qc1 (22. c5 {Cifuentes} Bg4 23. cxd6 Qh6 24. Qc1 Qxd6 25.
Rxf4 Bxe2 26. Nxe2 Nd3 27. Rxf8+ Qxf8 28. Qb1 Qf2 $1 29. d6 Qxe2 30. d7 Nf2+
31. Kg1 Nh3+ $1 32. gxh3 Qe3+ $11) 22... b6 $5 (22... Bg4 {Cifuentes} 23. c5 $1
Qh5 24. Qd1 (24. Bxg4 {Cifuentes} Nxg4 25. h3 f3 26. Qd2 fxg2+ 27. Qxg2 Rxf1+
28. Qxf1 Ne3) 24... f3 25. gxf3 Rxf3 26. Bxf3 Bxf3+ 27. Rxf3 Nxf3 28. Qe2 Qg4
29. Qg2 Qf4 30. Ne2 (30. Qh3 {Cifuentes} Qc1+ 31. Kg2 Qd2+ 32. Kxf3 Qxc3+ $11)
30... Qxe4 $8 31. Ng1 Qxb4 32. Qxf3 Qxc5 $16 33. Qe4 h6 34. Kg2 b5 35. Nf3 b4
36. Qe8+ Kh7 37. Qc6 Kg6 38. Qe8+ $2 (38. Ne5+ $1 {Cifuentes} Kf5 39. Nc4 Qd4 (
39... Qxc6 {Cifuentes} 40. dxc6 Ke6 41. Nb6 $1) 40. Nxd6+ Kg5 41. Nf7+ Kh5 42.
Qe6 $19) 38... Kh7 39. Qe4+ Kg8 40. Qd3 Qc1 41. Nd2 Qd1 42. Qe3 b3 43. Nxb3
Qxd5+ 44. Kg1 g5 45. Nd4 Kg7 46. Kf2 Kf6 47. Qf3+ Qxf3+ 48. Kxf3 d5 {1/2-1/2
Kolasinski-Chekhov/Wisla 1992}) 23. Na4 $6 Bg4 24. Qd1 (24. Bxg4 {Cifuentes}
Nxg4 25. h3 Ne3 26. Rf2 Qe5 27. Nxb6 Qxe4 $44) 24... Qh5 $44) 20. Be2 $146 {
This simple move prepares 21.Qc1, using the fact that endgame favours White.
The queen will have to retreat from e3, but in that case Black will have
little chances to create any activity.} (20. Qb1 $2 e4 21. fxe4 Ne5 22. Rd1
fxe4 23. Bxe4 Qxc3 24. Bxh7+ Kh8 $19 {0-1 Bartel,M-Machaj,B/Polanczyk 2000 (28)
}) (20. Bc2 {Ftacnik} Qf4 21. Bb3 Rf6 22. Qc1 Qh4 $11) 20... e4 {Typically for
Krasenkow. He is not willing to play a passive position and is looking for
immediate activity. Leko's 20.Be2 underlined White's positional advantage and
it is rather difficult to be on the Black side over the board, suddenly being
forced to take tough decisions. Objectively Black should have agreed to play
an inferior endgame, hoping to hold it. But practically Krasenkow's choice is
understandable - he needs the queen in order to keep the possibility for
counterplay.} (20... Nf6 21. Qc1 Qxc1 22. Rxc1 Bd7 23. c5 $5 (23. Ra1 Rc8 24.
Ra7 b5 $13) 23... dxc5 24. bxc5 Rc8 25. Nb5 $36) (20... f4 {Ftacnik} 21. Qc1
Qb6 22. Nb5 $14) 21. Qc1 $1 Qb6 $1 (21... Qxc1 {Ftacnik} 22. Rxc1 Nf6 (22... e3
$2 {Ftacnik} 23. Nb5 Rf6 24. f4 $16) (22... exf3 23. gxf3 $1) 23. c5 (23. Nb5 {
Ftacnik} Rd8 24. Kg1 $14) 23... dxc5 24. bxc5 $14) 22. fxe4 fxe4 23. Rxf8+ Nxf8
24. Nb5 $1 $16 Ng6 (24... Qf2 25. Qf1 $1 {[%csl Gd6]}) 25. c5 {'!' Ftacnik.}
dxc5 26. bxc5 (26. Qxc5 $5 Qd8 $16 (26... Qxc5 27. bxc5 Nf4 28. Bc4 e3 29. Kg1
$18)) 26... Qf6 27. Nd6 (27. Qf1 $5 {Cifuentes} Qxf1+ (27... Nf4 {Cifuentes}
28. Bc4 e3 29. g3 Ng6 (29... e2 {Cifuentes} 30. Bxe2 Nxd5 31. Qxf6 Nxf6 32. Bf3
) 30. Qxf6 gxf6 31. Kg2 Ne5 32. Be2 Bf5 33. Nd6 Bc2 34. Kf1 Bb3 35. Nf5 $16)
28. Bxf1 e3 29. Kg1 Bg4 30. Bc4 Nf4 31. Nd4 Kf7 32. h3 Bd1 33. Nf5 $1 e2 34.
Kf2 Nxg2 (34... Kf6 {Cifuentes} 35. Nd4 Nxg2 36. Bxe2 Bxe2 37. Nxe2 Nh4 38. Ke3
Ke5 39. d6 Nf5+ 40. Kd3 Ke6 41. Ke4 g6 42. Nf4+ Kd7 43. Nd5 Kc6 44. Ke5 $18)
35. d6+ Ke8 36. Nxg7+ Kd8 37. Bxe2 Bxe2 38. Kxg2 Kd7 $16) 27... Nf4 {'!'
Cifuentes. Finally Black has some activity.} 28. Nxe4 {'?!' Ftacnik. Ftacnik:
'This "hungry" move is losing a great part of white's advantage. It was much
wiser to wait with consumation for one move as the Nd6 was attacking the Bc8
and that would have won a tempo.'} (28. Bc4 $5 {Ftacnik} Bg4 (28... Nd3 $1 {
Cifuentes} 29. Qb1 $8 (29. Bxd3 $2 {Cifuentes} exd3 30. Nxc8 (30. Nc4 {
Cifuentes} Qd4 31. Qe3 Qa1+ 32. Qg1 Qc3 $1 33. Qe3 Bd7 34. c6 d2 $1) 30... d2
31. Qg1 Qe5 $19) 29... Nf2+ 30. Kg1 Qd4 31. Nxc8 Nd1+ (31... Nd3+ {Cifuentes}
32. Kh1 Qxc4 33. c6 bxc6 34. Nd6 Qb4 35. Qxb4 Nxb4 36. dxc6 $11) 32. Kh1 Nf2+
$11) 29. Nxe4 Qe5 30. d6+ Kf8 31. Ng3 $16) 28... Qe5 29. Bf3 Nxd5 30. Nd6 Be6
31. Nxb7 Nf4 {'©' Cifuentes. Cifuentes: 'xNb7'} (31... Nb4 {Ftacnik} 32. Qd2
Qa1+ 33. Qd1 Qxd1+ 34. Bxd1 Bd5 35. Bf3 Bxf3 36. gxf3 Kf7 $14) 32. c6 {White
won a pawn, but for the moment the knight is far from the king and Black has
real hopes to create counterplay.} (32. Qb1 {Cifuentes} Nd3 $1) (32. Nd6 {
Cifuentes} Nd3 33. Qb1 h5 $1) 32... Nd3 33. Qf1 Ne1 $1 (33... Qe3 {Ftacnik} 34.
h3 Nf2+ 35. Kh2 Ne4 (35... Qf4+ {Cifuentes} 36. Kg1 Ne4 37. Qe1 Ng5 38. Kh1 $1)
36. Bxe4 Qxe4 37. Qf3 Qxf3 38. gxf3 Kf8 $14) 34. Be2 Nc2 $2 {Missing the
chance to escape. Ftacnik: 'Krasenkow is retreating without using a great shot
34..Nxg2!! that would most likely have given him a draw.'} (34... Nxg2 $3 35.
Kxg2 Bd5+ 36. Bf3 Qg5+ 37. Kf2 Bxf3 38. Kxf3 Qf5+ {with perpetual check:} 39.
Ke2 Qe5+ 40. Kd2 Qb2+ 41. Ke3 Qe5+ $11) 35. Bc4 $18 Ne3 36. Bxe6+ Qxe6 37. Qf4
h6 38. Nc5 Qe8 39. Nd3 Kh7 40. c7 Qe6 41. Qe5 1-0

[Event "Boskovic Memorial"]
[Site "Belgrade"]
[Date "2000.10.03"]
[Round "1"]
[White "Xie, Jun"]
[Black "Ivanovic, Bozidar"]
[Result "1-0"]
[WhiteElo "2568"]
[BlackElo "2476"]
[Annotator "Rogozenco,D"]
[PlyCount "72"]
[EventDate "2000.10.03"]
[EventType "tourn"]
[EventRounds "9"]
[EventCountry "YUG"]
[EventCategory "14"]
[SourceTitle "CBM 080"]
[Source "ChessBase"]
[SourceDate "2001.01.25"]
[SourceVersion "1"]
[SourceVersionDate "2001.01.25"]
[SourceQuality "1"]

1. e4 c5 2. Nf3 Nc6 3. d4 cxd4 4. Nxd4 Nf6 5. Nc3 e5 6. Ndb5 d6 7. Bg5 a6 8.
Na3 b5 9. Bxf6 gxf6 10. Nd5 Bg7 11. c3 Ne7 (11... f5 $142) 12. Nxe7 Qxe7 13.
Nc2 Be6 {A rather dubious line. After Ne3, Bd3 and Qf3 it is impossible for
Black to advance d5 or f5.} 14. Bd3 (14. Ne3 $16) 14... O-O 15. O-O {With the
Bishop on b7 Black would have something like f5 exf5 d5, but here he has no
play at all.} Kh8 $6 (15... Rab8 16. Qf3 Bh6 17. Ne3 Bxe3 18. fxe3 $16) (15...
Rfc8 $142 16. Qf3 Rc5 17. Ne3 Qd7 18. Rfd1 Rd8 19. Bc2 a5 {If there is no
chance for an active plan, a passive play is required. Of course there is no
fun playing such a position, but Black had just to wait, there was nothing
better anyway.} 20. Nd5 Bxd5 21. exd5 $16) 16. Qf3 Rab8 17. Ne3 Qb7 18. Bc2 f5
$2 19. Nxf5 Bxf5 20. Qxf5 $18 {Now White has a pawn up in a strategically
winning position. The difference between Bishops and pawn structures is
obvious.} b4 21. cxb4 Qxb4 22. Rad1 Qxb2 23. Bb3 a5 24. Rxd6 a4 25. Bxf7 Rb7
26. Rd7 Qb5 27. Rxb7 Qxb7 28. Bd5 Qa7 29. Qe6 Qd4 30. g3 a3 31. Qe7 Qb2 32. Qc5
Rb8 33. Rc1 Bf8 34. Qe3 Qd4 35. Qg5 Bg7 36. Rc7 Bh6 1-0